[Event "April 9 Late 2024"]
[Site "Chess.com"]
[Date "2024.04.09"]
[Round "9"]
[White "Rodrigues Mota, Romulo Cardoso S"]
[Black "Mullodzhanov, Nathaniel"]
[Result "1/2-1/2"]
[Board "75"]
[WhiteFideId "2187442"]
[BlackFideId "30961580"]
[WhiteElo "2325"]
[BlackElo "2551"]
[WhiteTeam "BRA"]
[BlackTeam "USA"]
[WhiteClock "0:01:04"]
[BlackClock "0:01:18"]
[Variant "Standard"]

1. e4 {[%clk 0:02:52]}  c6 {[%clk 0:02:59]} 2. d4 {[%clk 0:02:52]}  d5 {[%clk 0:03:00]} 3. Nc3 {[%clk 0:02:53]}  dxe4 {[%clk 0:02:59]} 4. Nxe4 {[%clk 0:02:54]}  Bf5 {[%clk 0:03:00]} 5. Ng3 {[%clk 0:02:54]}  Bg6 {[%clk 0:03:00]} 6. h4 {[%clk 0:02:55]}  h6 {[%clk 0:03:01]} 7. Nh3 {[%clk 0:02:55]}  Nf6 {[%clk 0:02:59]} 8. Nf4 {[%clk 0:02:55]}  Bh7 {[%clk 0:03:00]} 9. Bc4 {[%clk 0:02:55]}  e6 {[%clk 0:03:00]} 10. O-O {[%clk 0:02:55]}  Bd6 {[%clk 0:03:00]} 11. Re1 {[%clk 0:02:56]}  O-O {[%clk 0:03:01]} 12. c3 {[%clk 0:02:56]}  Nbd7 {[%clk 0:03:00]} 13. Ngh5 {[%clk 0:02:40]}  Nxh5 {[%clk 0:02:52]} 14. Qxh5 {[%clk 0:02:41]}  Nf6 {[%clk 0:02:51]} 15. Qf3 {[%clk 0:02:31]}  Nd5 {[%clk 0:02:50]} 16. g3 {[%clk 0:02:20]}  Qc7 {[%clk 0:02:46]} 17. Nxd5 {[%clk 0:02:10]}  exd5 {[%clk 0:02:46]} 18. Bd3 {[%clk 0:02:11]}  Bxd3 {[%clk 0:02:43]} 19. Qxd3 {[%clk 0:02:12]}  Rae8 {[%clk 0:02:42]} 20. Bd2 {[%clk 0:02:12]}  f5 {[%clk 0:02:39]} 21. Rxe8 {[%clk 0:02:07]}  Rxe8 {[%clk 0:02:40]} 22. Qxf5 {[%clk 0:02:06]}  Bxg3 {[%clk 0:02:30]} 23. Bxh6 {[%clk 0:01:09]}  Bxf2+ {[%clk 0:01:59]} 24. Qxf2 {[%clk 0:01:10]}  gxh6 {[%clk 0:01:59]} 25. Kh1 {[%clk 0:01:10]}  Kh7 {[%clk 0:01:49]} 26. Qf5+ {[%clk 0:01:05]}  Kh8 {[%clk 0:01:47]} 27. Qg6 {[%clk 0:01:05]}  Re4 {[%clk 0:01:19]} 28. Qxh6+ {[%clk 0:01:05]}  Qh7 {[%clk 0:01:17]} 29. Qf8+ {[%clk 0:01:01]}  Qg8 {[%clk 0:01:17]} 30. Qh6+ {[%clk 0:01:02]}  Qh7 {[%clk 0:01:17]} 31. Qf8+ {[%clk 0:01:03]}  Qg8 {[%clk 0:01:18]} 32. Qh6+ {[%clk 0:01:04]}  Qh7 {[%clk 0:01:18]} 1/2-1/2

[Event "April 9 Late 2024"]
[Site "Chess.com"]
[Date "2024.04.09"]
[Round "9"]
[White "Asish Panda"]
[Black "Schut, Han"]
[Result "1-0"]
[Board "76"]
[WhiteFideId "45012458"]
[BlackFideId "1005561"]
[BlackTitle "CM"]
[WhiteElo "2546"]
[BlackElo "2295"]
[WhiteTeam "IND"]
[BlackTeam "NED"]
[WhiteClock "0:00:05"]
[BlackClock "0:00:00"]
[Variant "Standard"]

1. e4 {[%clk 0:03:00]}  c5 {[%clk 0:02:59]} 2. Nf3 {[%clk 0:03:01]}  d6 {[%clk 0:02:59]} 3. d4 {[%clk 0:03:01]}  cxd4 {[%clk 0:03:00]} 4. Qxd4 {[%clk 0:03:01]}  Nc6 {[%clk 0:02:59]} 5. Bb5 {[%clk 0:03:01]}  Bd7 {[%clk 0:02:58]} 6. Bxc6 {[%clk 0:03:02]}  Bxc6 {[%clk 0:02:59]} 7. c4 {[%clk 0:03:01]}  e6 {[%clk 0:02:59]} 8. Nc3 {[%clk 0:02:56]}  Be7 {[%clk 0:02:59]} 9. O-O {[%clk 0:02:54]}  Nf6 {[%clk 0:02:59]} 10. Bg5 {[%clk 0:02:52]}  O-O {[%clk 0:02:57]} 11. Rad1 {[%clk 0:02:48]}  Rc8 {[%clk 0:02:51]} 12. Rfe1 {[%clk 0:02:46]}  Qa5 {[%clk 0:02:36]} 13. Qd3 {[%clk 0:02:35]}  Rfd8 {[%clk 0:02:27]} 14. a3 {[%clk 0:02:32]}  a6 {[%clk 0:02:20]} 15. h3 {[%clk 0:02:24]}  h6 {[%clk 0:02:07]} 16. Bh4 {[%clk 0:02:19]}  b5 {[%clk 0:01:49]} 17. cxb5 {[%clk 0:02:14]}  Bxb5 {[%clk 0:01:37]} 18. Nxb5 {[%clk 0:02:03]}  Qxb5 {[%clk 0:01:37]} 19. Qxb5 {[%clk 0:02:00]}  axb5 {[%clk 0:01:38]} 20. Nd4 {[%clk 0:02:00]}  Rc5 {[%clk 0:01:24]} 21. f3 {[%clk 0:01:45]}  Rdc8 {[%clk 0:01:24]} 22. Bf2 {[%clk 0:01:39]}  d5 {[%clk 0:01:09]} 23. exd5 {[%clk 0:01:32]}  Nxd5 {[%clk 0:01:09]} 24. Kh1 {[%clk 0:01:26]}  Bf6 {[%clk 0:01:03]} 25. b4 {[%clk 0:01:09]}  Rc3 {[%clk 0:00:45]} 26. Nxb5 {[%clk 0:01:07]}  Rc2 {[%clk 0:00:45]} 27. Bd4 {[%clk 0:01:04]}  Ra2 {[%clk 0:00:37]} 28. Bxf6 {[%clk 0:00:47]}  gxf6 {[%clk 0:00:38]} 29. Ra1 {[%clk 0:00:46]}  Rb2 {[%clk 0:00:31]} 30. Reb1 {[%clk 0:00:33]}  Rd2 {[%clk 0:00:29]} 31. Rd1 {[%clk 0:00:25]}  Rb2 {[%clk 0:00:29]} 32. Nd4 {[%clk 0:00:23]}  Ne3 {[%clk 0:00:19]} 33. Rg1 {[%clk 0:00:16]}  Rd8 {[%clk 0:00:18]} 34. Nc6 {[%clk 0:00:09]}  Rdd2 {[%clk 0:00:16]} 35. a4 {[%clk 0:00:09]}  Kf8 {[%clk 0:00:13]} 36. a5 {[%clk 0:00:09]}  Nxg2 {[%clk 0:00:12]} 37. Rgb1 {[%clk 0:00:06]}  Nh4 {[%clk 0:00:05]} 38. Rxb2 {[%clk 0:00:05]}  Rxb2 {[%clk 0:00:06]} 39. Nd4 {[%clk 0:00:04]}  e5 {[%clk 0:00:03]} 40. a6 {[%clk 0:00:04]}  exd4 {[%clk 0:00:03]} 41. a7 {[%clk 0:00:04]}  Nxf3 {[%clk 0:00:04]} 42. a8=Q+ {[%clk 0:00:05]}  Kg7 {[%clk 0:00:00]} 43. Qxf3 {[%clk 0:00:05]} 1-0

[Event "April 9 Late 2024"]
[Site "Chess.com"]
[Date "2024.04.10"]
[Round "9"]
[White "Temirlan Baltabaev"]
[Black "Seder, Mohammed"]
[Result "1-0"]
[Board "78"]
[WhiteFideId "4112172"]
[BlackFideId "11505567"]
[WhiteTitle "FM"]
[BlackTitle "FM"]
[WhiteElo "2600"]
[BlackElo "2439"]
[WhiteTeam "RUS"]
[BlackTeam "PLE"]
[WhiteClock "0:01:21"]
[BlackClock "0:00:10"]
[Variant "Standard"]

1. e4 {[%clk 0:03:00]}  c5 {[%clk 0:03:00]} 2. Nf3 {[%clk 0:03:01]}  Nc6 {[%clk 0:03:00]} 3. d4 {[%clk 0:03:01]}  cxd4 {[%clk 0:03:01]} 4. Nxd4 {[%clk 0:03:01]}  g6 {[%clk 0:03:02]} 5. Nc3 {[%clk 0:03:01]}  Bg7 {[%clk 0:03:02]} 6. Be3 {[%clk 0:03:02]}  Nf6 {[%clk 0:03:03]} 7. Be2 {[%clk 0:03:01]}  O-O {[%clk 0:03:03]} 8. Qd2 {[%clk 0:03:00]}  d6 {[%clk 0:03:01]} 9. f3 {[%clk 0:02:59]}  Bd7 {[%clk 0:02:59]} 10. O-O-O {[%clk 0:02:58]}  Qa5 {[%clk 0:02:55]} 11. Kb1 {[%clk 0:02:57]}  Nxd4 {[%clk 0:02:53]} 12. Bxd4 {[%clk 0:02:57]}  Be6 {[%clk 0:02:53]} 13. Nd5 {[%clk 0:02:48]}  Qxd2 {[%clk 0:02:19]} 14. Nxe7+ {[%clk 0:02:46]}  Kh8 {[%clk 0:02:19]} 15. Rxd2 {[%clk 0:02:46]}  Rfe8 {[%clk 0:02:06]} 16. Bxf6 {[%clk 0:02:41]}  Bxf6 {[%clk 0:02:07]} 17. Nd5 {[%clk 0:02:41]}  Bxd5 {[%clk 0:01:52]} 18. Rxd5 {[%clk 0:02:40]}  Be5 {[%clk 0:01:53]} 19. Bc4 {[%clk 0:02:35]}  Rac8 {[%clk 0:01:44]} 20. b3 {[%clk 0:02:33]}  Kg7 {[%clk 0:01:39]} 21. g3 {[%clk 0:02:32]}  b6 {[%clk 0:01:07]} 22. Rhd1 {[%clk 0:02:25]}  g5 {[%clk 0:01:03]} 23. Bb5 {[%clk 0:02:23]}  Re7 {[%clk 0:01:00]} 24. Rf1 {[%clk 0:02:11]}  Rc3 {[%clk 0:00:36]} 25. Bd3 {[%clk 0:01:58]}  Rc5 {[%clk 0:00:29]} 26. Rxc5 {[%clk 0:01:51]}  bxc5 {[%clk 0:00:25]} 27. Bc4 {[%clk 0:01:51]}  Bd4 {[%clk 0:00:20]} 28. Bd5 {[%clk 0:01:50]}  h5 {[%clk 0:00:19]} 29. Kc1 {[%clk 0:01:46]}  Re5 {[%clk 0:00:17]} 30. Kd2 {[%clk 0:01:45]}  f5 {[%clk 0:00:16]} 31. c3 {[%clk 0:01:43]}  fxe4 {[%clk 0:00:14]} 32. fxe4 {[%clk 0:01:44]}  Rxd5 {[%clk 0:00:13]} 33. exd5 {[%clk 0:01:44]}  Be5 {[%clk 0:00:14]} 34. Kd3 {[%clk 0:01:40]}  h4 {[%clk 0:00:12]} 35. gxh4 {[%clk 0:01:41]}  gxh4 {[%clk 0:00:13]} 36. h3 {[%clk 0:01:41]}  Kg6 {[%clk 0:00:12]} 37. Ke4 {[%clk 0:01:41]}  Kg5 {[%clk 0:00:13]} 38. c4 {[%clk 0:01:41]}  Kg6 {[%clk 0:00:12]} 39. Rg1+ {[%clk 0:01:41]}  Kf7 {[%clk 0:00:12]} 40. Rg4 {[%clk 0:01:42]}  Bg3 {[%clk 0:00:13]} 41. Kf5 {[%clk 0:01:42]}  a5 {[%clk 0:00:12]} 42. Kg5 {[%clk 0:01:39]}  Kg7 {[%clk 0:00:12]} 43. Re4 {[%clk 0:01:39]}  Kf7 {[%clk 0:00:12]} 44. Kh5 {[%clk 0:01:37]}  Kf6 {[%clk 0:00:12]} 45. Kg4 {[%clk 0:01:27]}  Kf7 {[%clk 0:00:11]} 46. Kf5 {[%clk 0:01:27]}  Bf2 {[%clk 0:00:10]} 47. Re6 {[%clk 0:01:23]}  Bg3 {[%clk 0:00:10]} 48. Rh6 {[%clk 0:01:23]}  Kg7 {[%clk 0:00:10]} 49. Rf6 {[%clk 0:01:20]}  Be5 {[%clk 0:00:06]} 50. Rg6+ {[%clk 0:01:20]}  Kf7 {[%clk 0:00:06]} 51. Rg4 {[%clk 0:01:17]}  Bg3 {[%clk 0:00:06]} 52. Kg5 {[%clk 0:01:17]}  Kg7 {[%clk 0:00:06]} 53. Rxh4 {[%clk 0:01:17]}  Bxh4+ {[%clk 0:00:02]} 54. Kxh4 {[%clk 0:01:18]}  Kh6 {[%clk 0:00:02]} 55. Kg4 {[%clk 0:01:18]}  Kg6 {[%clk 0:00:03]} 56. Kf4 {[%clk 0:01:19]}  Kf6 {[%clk 0:00:03]} 57. h4 {[%clk 0:01:18]}  Kg6 {[%clk 0:00:03]} 58. Kg4 {[%clk 0:01:18]}  Kf6 {[%clk 0:00:02]} 59. h5 {[%clk 0:01:18]}  Kg7 {[%clk 0:00:02]} 60. Kf5 {[%clk 0:01:19]}  Kh6 {[%clk 0:00:03]} 61. Ke6 {[%clk 0:01:20]}  Kxh5 {[%clk 0:00:02]} 62. Kxd6 {[%clk 0:01:21]}  a4 {[%clk 0:00:03]} 63. bxa4 {[%clk 0:01:20]}  Kg5 {[%clk 0:00:04]} 64. a5 {[%clk 0:01:21]}  Kf5 {[%clk 0:00:04]} 65. Kxc5 {[%clk 0:01:21]}  Ke4 {[%clk 0:00:05]} 66. a6 {[%clk 0:01:22]}  Kd3 {[%clk 0:00:06]} 67. a7 {[%clk 0:01:22]}  Kc3 {[%clk 0:00:07]} 68. a8=Q {[%clk 0:01:22]}  Kb2 {[%clk 0:00:08]} 69. a4 {[%clk 0:01:22]}  Ka3 {[%clk 0:00:08]} 70. a5 {[%clk 0:01:22]}  Ka4 {[%clk 0:00:09]} 71. Qb7 {[%clk 0:01:21]}  Kxa5 {[%clk 0:00:10]} 72. Qa7# {[%clk 0:01:21]} 1-0

[Event "April 9 Late 2024"]
[Site "Chess.com"]
[Date "2024.04.09"]
[Round "9"]
[White "Silva, Luca"]
[Black "Merino Garcia, Rafael II"]
[Result "1-0"]
[Board "81"]
[WhiteFideId "147370"]
[BlackFideId "2209128"]
[WhiteTitle "FM"]
[BlackTitle "FM"]
[WhiteElo "2507"]
[BlackElo "2403"]
[WhiteTeam "ARG"]
[BlackTeam "ESP"]
[WhiteClock "0:00:04"]
[BlackClock "0:00:05"]
[Variant "Standard"]

1. d4 {[%clk 0:02:55]}  d6 {[%clk 0:02:59]} 2. e4 {[%clk 0:02:53]}  Nd7 {[%clk 0:03:00]} 3. Nf3 {[%clk 0:02:49]}  g6 {[%clk 0:03:01]} 4. c4 {[%clk 0:02:47]}  Bg7 {[%clk 0:03:00]} 5. h3 {[%clk 0:02:47]}  e5 {[%clk 0:03:00]} 6. d5 {[%clk 0:02:47]}  Ne7 {[%clk 0:02:54]} 7. Nc3 {[%clk 0:02:47]}  O-O {[%clk 0:02:54]} 8. g4 {[%clk 0:02:45]}  f5 {[%clk 0:02:53]} 9. gxf5 {[%clk 0:02:45]}  gxf5 {[%clk 0:02:53]} 10. Bd3 {[%clk 0:02:39]}  Nf6 {[%clk 0:02:51]} 11. Bg5 {[%clk 0:02:32]}  h6 {[%clk 0:02:41]} 12. Bxf6 {[%clk 0:02:23]}  Rxf6 {[%clk 0:02:41]} 13. Nd2 {[%clk 0:02:21]}  Ng6 {[%clk 0:02:37]} 14. exf5 {[%clk 0:02:19]}  Nf4 {[%clk 0:02:36]} 15. Nde4 {[%clk 0:02:17]}  Rxf5 {[%clk 0:02:34]} 16. Qd2 {[%clk 0:02:10]}  h5 {[%clk 0:02:18]} 17. Rg1 {[%clk 0:02:05]}  Kh8 {[%clk 0:02:13]} 18. Ng3 {[%clk 0:01:42]}  Rf7 {[%clk 0:01:54]} 19. O-O-O {[%clk 0:01:33]}  Bh6 {[%clk 0:01:53]} 20. Kb1 {[%clk 0:01:33]}  Qf8 {[%clk 0:01:52]} 21. Qc2 {[%clk 0:01:26]}  Nxh3 {[%clk 0:01:47]} 22. Rh1 {[%clk 0:01:13]}  Rxf2 {[%clk 0:01:46]} 23. Qa4 {[%clk 0:00:59]}  Bg4 {[%clk 0:01:45]} 24. Nce4 {[%clk 0:00:53]}  Rf3 {[%clk 0:01:31]} 25. Be2 {[%clk 0:00:45]}  Rf4 {[%clk 0:00:45]} 26. Bxg4 {[%clk 0:00:44]}  hxg4 {[%clk 0:00:45]} 27. Ka1 {[%clk 0:00:37]}  Qg7 {[%clk 0:00:40]} 28. Qb3 {[%clk 0:00:35]}  b6 {[%clk 0:00:39]} 29. Rde1 {[%clk 0:00:24]}  Raf8 {[%clk 0:00:39]} 30. a3 {[%clk 0:00:23]}  Rf3 {[%clk 0:00:38]} 31. Qc2 {[%clk 0:00:20]}  Qg6 {[%clk 0:00:35]} 32. Qb1 {[%clk 0:00:19]}  Bf4 {[%clk 0:00:34]} 33. Ne2 {[%clk 0:00:17]}  Be3 {[%clk 0:00:24]} 34. N2c3 {[%clk 0:00:14]}  Bd4 {[%clk 0:00:22]} 35. Qd1 {[%clk 0:00:13]}  Kg8 {[%clk 0:00:16]} 36. Qa4 {[%clk 0:00:03]}  Qf7 {[%clk 0:00:13]} 37. Qxa7 {[%clk 0:00:02]}  Nf2 {[%clk 0:00:13]} 38. Rhg1 {[%clk 0:00:02]}  Nxe4 {[%clk 0:00:10]} 39. Rxg4+ {[%clk 0:00:02]}  Qg7 {[%clk 0:00:05]} 40. Rxg7+ {[%clk 0:00:02]}  Kxg7 {[%clk 0:00:05]} 41. Nxe4 {[%clk 0:00:03]}  Rf1 {[%clk 0:00:02]} 42. Rxf1 {[%clk 0:00:03]}  Rxf1+ {[%clk 0:00:02]} 43. Ka2 {[%clk 0:00:04]}  Re1 {[%clk 0:00:02]} 44. Qxc7+ {[%clk 0:00:04]}  Kg6 {[%clk 0:00:02]} 45. Qxd6+ {[%clk 0:00:04]}  Kh5 {[%clk 0:00:03]} 46. Nf6+ {[%clk 0:00:05]}  Kh4 {[%clk 0:00:02]} 47. Qf8 {[%clk 0:00:05]}  Re2 {[%clk 0:00:03]} 48. Qh6+ {[%clk 0:00:05]}  Kg3 {[%clk 0:00:03]} 49. Qg5+ {[%clk 0:00:05]}  Kf2 {[%clk 0:00:04]} 50. Ng4+ {[%clk 0:00:05]}  Ke1 {[%clk 0:00:05]} 51. Qc1# {[%clk 0:00:04]} 1-0

[Event "April 9 Late 2024"]
[Site "Chess.com"]
[Date "2024.04.09"]
[Round "9"]
[White "Hoffmann, Asa"]
[Black "Seletsky, Grigory"]
[Result "0-1"]
[Board "82"]
[WhiteFideId "2001470"]
[BlackFideId "14112191"]
[WhiteTitle "FM"]
[BlackTitle "FM"]
[WhiteElo "2359"]
[BlackElo "2506"]
[WhiteTeam "USA"]
[BlackTeam "UKR"]
[WhiteClock "0:00:00"]
[BlackClock "0:00:14"]
[Variant "Standard"]

1. d4 {[%clk 0:02:57]}  b5 {[%clk 0:02:32]} 2. e4 {[%clk 0:02:56]}  Bb7 {[%clk 0:02:29]} 3. f3 {[%clk 0:02:56]}  a6 {[%clk 0:02:28]} 4. Be3 {[%clk 0:02:54]}  e6 {[%clk 0:02:28]} 5. a4 {[%clk 0:02:53]}  b4 {[%clk 0:02:27]} 6. c4 {[%clk 0:02:52]}  a5 {[%clk 0:02:22]} 7. Nd2 {[%clk 0:02:51]}  d6 {[%clk 0:02:18]} 8. Bd3 {[%clk 0:02:50]}  Nd7 {[%clk 0:02:17]} 9. Ne2 {[%clk 0:02:50]}  c5 {[%clk 0:02:17]} 10. O-O {[%clk 0:02:46]}  cxd4 {[%clk 0:02:16]} 11. Nxd4 {[%clk 0:02:44]}  Nc5 {[%clk 0:02:15]} 12. Be2 {[%clk 0:02:38]}  Nf6 {[%clk 0:02:16]} 13. N2b3 {[%clk 0:02:31]}  Be7 {[%clk 0:02:16]} 14. Nxc5 {[%clk 0:02:30]}  dxc5 {[%clk 0:02:13]} 15. Nb5 {[%clk 0:02:28]}  Qb6 {[%clk 0:02:10]} 16. e5 {[%clk 0:02:19]}  Rd8 {[%clk 0:02:10]} 17. Qc2 {[%clk 0:02:07]}  Nd7 {[%clk 0:02:04]} 18. f4 {[%clk 0:02:04]}  O-O {[%clk 0:01:55]} 19. Bf3 {[%clk 0:02:03]}  Bxf3 {[%clk 0:01:54]} 20. Rxf3 {[%clk 0:02:02]}  Nb8 {[%clk 0:01:53]} 21. f5 {[%clk 0:01:58]}  exf5 {[%clk 0:01:53]} 22. Qxf5 {[%clk 0:01:56]}  Nc6 {[%clk 0:01:34]} 23. Rh3 {[%clk 0:01:55]}  g6 {[%clk 0:01:32]} 24. Qf4 {[%clk 0:01:52]}  f5 {[%clk 0:01:29]} 25. Rxh7 {[%clk 0:01:40]}  Kxh7 {[%clk 0:01:19]} 26. Qh6+ {[%clk 0:01:39]}  Kg8 {[%clk 0:01:20]} 27. Qxg6+ {[%clk 0:01:39]}  Kh8 {[%clk 0:01:20]} 28. Bh6 {[%clk 0:01:11]}  Rg8 {[%clk 0:01:15]} 29. Qh5 {[%clk 0:01:10]}  Rg7 {[%clk 0:01:16]} 30. Bxg7+ {[%clk 0:01:02]}  Kxg7 {[%clk 0:01:15]} 31. Qxf5 {[%clk 0:01:00]}  Nd4 {[%clk 0:00:59]} 32. Qe4 {[%clk 0:00:47]}  Qe6 {[%clk 0:00:49]} 33. Rf1 {[%clk 0:00:41]}  Rf8 {[%clk 0:00:48]} 34. Rxf8 {[%clk 0:00:32]}  Bxf8 {[%clk 0:00:47]} 35. h3 {[%clk 0:00:15]}  Qxc4 {[%clk 0:00:33]} 36. Qg4+ {[%clk 0:00:13]}  Kf7 {[%clk 0:00:31]} 37. Qh5+ {[%clk 0:00:13]}  Ke7 {[%clk 0:00:29]} 38. Qh7+ {[%clk 0:00:10]}  Qf7 {[%clk 0:00:29]} 39. Qh4+ {[%clk 0:00:09]}  Ke6 {[%clk 0:00:28]} 40. Qe4 {[%clk 0:00:08]}  Qf5 {[%clk 0:00:17]} 41. Nxd4+ {[%clk 0:00:06]}  cxd4 {[%clk 0:00:16]} 42. Qxd4 {[%clk 0:00:05]}  Qxe5 {[%clk 0:00:17]} 43. Qc4+ {[%clk 0:00:05]}  Qd5 {[%clk 0:00:16]} 44. Qg4+ {[%clk 0:00:05]}  Ke7 {[%clk 0:00:15]} 45. Qh4+ {[%clk 0:00:04]}  Ke8 {[%clk 0:00:15]} 46. Qe1+ {[%clk 0:00:03]}  Kd8 {[%clk 0:00:14]} 47. Qh4+ {[%clk 0:00:02]}  Be7 {[%clk 0:00:15]} 48. Qh8+ {[%clk 0:00:02]}  Kd7 {[%clk 0:00:14]} 49. Qb8 {[%clk 0:00:01]}  Qd1+ {[%clk 0:00:14]} 50. Kf2 {[%clk 0:00:00]}  Qxa4 {[%clk 0:00:14]} 0-1

[Event "April 9 Late 2024"]
[Site "Chess.com"]
[Date "2024.04.09"]
[Round "9"]
[White "Pranav Sairam"]
[Black "Spitzl, Vinzent"]
[Result "0-1"]
[Board "83"]
[WhiteFideId "30951330"]
[BlackFideId "12901253"]
[BlackTitle "FM"]
[WhiteElo "2330"]
[BlackElo "2502"]
[WhiteTeam "USA"]
[BlackTeam "GER"]
[WhiteClock "0:00:00"]
[BlackClock "0:00:41"]
[Variant "Standard"]

1. e4 {[%clk 0:03:00]}  c5 {[%clk 0:02:59]} 2. Nf3 {[%clk 0:02:59]}  d6 {[%clk 0:02:59]} 3. d4 {[%clk 0:02:58]}  cxd4 {[%clk 0:03:00]} 4. Nxd4 {[%clk 0:02:58]}  Nf6 {[%clk 0:03:01]} 5. Nc3 {[%clk 0:02:59]}  a6 {[%clk 0:03:01]} 6. Be2 {[%clk 0:02:58]}  e5 {[%clk 0:03:02]} 7. Nb3 {[%clk 0:02:58]}  Be7 {[%clk 0:03:02]} 8. Be3 {[%clk 0:02:58]}  Be6 {[%clk 0:03:02]} 9. O-O {[%clk 0:02:58]}  O-O {[%clk 0:03:02]} 10. f3 {[%clk 0:02:56]}  Nbd7 {[%clk 0:02:55]} 11. a4 {[%clk 0:02:54]}  Nb6 {[%clk 0:02:54]} 12. a5 {[%clk 0:02:54]}  Nc4 {[%clk 0:02:54]} 13. Bxc4 {[%clk 0:02:55]}  Bxc4 {[%clk 0:02:55]} 14. Rf2 {[%clk 0:02:55]}  Rc8 {[%clk 0:02:49]} 15. Nd2 {[%clk 0:02:54]}  Be6 {[%clk 0:02:46]} 16. Nf1 {[%clk 0:02:54]}  d5 {[%clk 0:02:36]} 17. Bb6 {[%clk 0:02:33]}  Qd7 {[%clk 0:02:31]} 18. exd5 {[%clk 0:02:22]}  Nxd5 {[%clk 0:02:29]} 19. Rd2 {[%clk 0:02:12]}  Nxc3 {[%clk 0:02:29]} 20. bxc3 {[%clk 0:02:12]}  Qc6 {[%clk 0:02:23]} 21. Rd3 {[%clk 0:01:49]}  Bf5 {[%clk 0:02:10]} 22. Re3 {[%clk 0:01:48]}  Bc5 {[%clk 0:02:10]} 23. Bxc5 {[%clk 0:01:47]}  Qxc5 {[%clk 0:02:11]} 24. Rb1 {[%clk 0:01:44]}  Rfd8 {[%clk 0:02:07]} 25. Qe1 {[%clk 0:01:41]}  Bxc2 {[%clk 0:01:51]} 26. Rxb7 {[%clk 0:01:39]}  Qxa5 {[%clk 0:01:51]} 27. Rxe5 {[%clk 0:01:39]}  Qxc3 {[%clk 0:01:51]} 28. Qxc3 {[%clk 0:01:26]}  Rxc3 {[%clk 0:01:48]} 29. Ree7 {[%clk 0:01:16]}  Bg6 {[%clk 0:01:38]} 30. Rb6 {[%clk 0:01:12]}  Ra3 {[%clk 0:01:30]} 31. Ra7 {[%clk 0:01:08]}  Bd3 {[%clk 0:01:25]} 32. Rd6 {[%clk 0:00:44]}  Re8 {[%clk 0:01:16]} 33. Re7 {[%clk 0:00:32]}  Rf8 {[%clk 0:01:09]} 34. Re3 {[%clk 0:00:31]}  Bxf1 {[%clk 0:01:00]} 35. Rxa3 {[%clk 0:00:30]}  Bb5 {[%clk 0:01:01]} 36. Kf2 {[%clk 0:00:28]}  g6 {[%clk 0:01:00]} 37. g4 {[%clk 0:00:25]}  Kg7 {[%clk 0:01:00]} 38. g5 {[%clk 0:00:25]}  Rc8 {[%clk 0:00:59]} 39. Rd5 {[%clk 0:00:20]}  Rc2+ {[%clk 0:00:58]} 40. Kg3 {[%clk 0:00:20]}  Bf1 {[%clk 0:00:58]} 41. f4 {[%clk 0:00:18]}  Rg2+ {[%clk 0:00:55]} 42. Kf3 {[%clk 0:00:18]}  Rxh2 {[%clk 0:00:55]} 43. Rda5 {[%clk 0:00:12]}  Bb5 {[%clk 0:00:52]} 44. Re3 {[%clk 0:00:10]}  h5 {[%clk 0:00:47]} 45. gxh6+ {[%clk 0:00:09]}  Rxh6 {[%clk 0:00:47]} 46. Kg3 {[%clk 0:00:05]}  Rh1 {[%clk 0:00:47]} 47. Re5 {[%clk 0:00:03]}  Rg1+ {[%clk 0:00:47]} 48. Kf2 {[%clk 0:00:02]}  Rf1+ {[%clk 0:00:47]} 49. Kg2 {[%clk 0:00:02]}  Rxf4 {[%clk 0:00:45]} 50. Kg3 {[%clk 0:00:03]}  Rb4 {[%clk 0:00:45]} 51. Ra3 {[%clk 0:00:02]}  Rd4 {[%clk 0:00:44]} 52. Re7 {[%clk 0:00:01]}  Rd3+ {[%clk 0:00:40]} 53. Rxd3 {[%clk 0:00:00]}  Bxd3 {[%clk 0:00:41]} 0-1

[Event "April 9 Late 2024"]
[Site "Chess.com"]
[Date "2024.04.09"]
[Round "9"]
[White "Janaszak, Dawid"]
[Black "Schuster, Karsten"]
[Result "0-1"]
[Board "87"]
[WhiteFideId "1119206"]
[BlackFideId "4611071"]
[WhiteTitle "FM"]
[BlackTitle "FM"]
[WhiteElo "2606"]
[BlackElo "2370"]
[WhiteTeam "POL"]
[BlackTeam "GER"]
[WhiteClock "0:00:01"]
[BlackClock "0:00:14"]
[Variant "Standard"]

1. e4 {[%clk 0:03:00]}  d5 {[%clk 0:03:00]} 2. Nc3 {[%clk 0:02:55]}  dxe4 {[%clk 0:02:57]} 3. Nxe4 {[%clk 0:02:56]}  Nf6 {[%clk 0:02:57]} 4. Nxf6+ {[%clk 0:02:56]}  exf6 {[%clk 0:02:57]} 5. Bc4 {[%clk 0:02:51]}  c6 {[%clk 0:02:56]} 6. Nf3 {[%clk 0:02:48]}  Bd6 {[%clk 0:02:56]} 7. h3 {[%clk 0:02:41]}  O-O {[%clk 0:02:55]} 8. O-O {[%clk 0:02:39]}  Nd7 {[%clk 0:02:54]} 9. d4 {[%clk 0:02:39]}  Nb6 {[%clk 0:02:53]} 10. Bd3 {[%clk 0:02:38]}  Be6 {[%clk 0:02:46]} 11. c3 {[%clk 0:02:34]}  Re8 {[%clk 0:02:45]} 12. Qc2 {[%clk 0:02:35]}  h5 {[%clk 0:02:40]} 13. a4 {[%clk 0:02:31]}  Nd7 {[%clk 0:02:33]} 14. b4 {[%clk 0:02:25]}  Nf8 {[%clk 0:02:33]} 15. Bd2 {[%clk 0:02:21]}  Rc8 {[%clk 0:02:18]} 16. c4 {[%clk 0:02:20]}  Bb8 {[%clk 0:02:17]} 17. Rfe1 {[%clk 0:02:09]}  Qc7 {[%clk 0:02:12]} 18. Rac1 {[%clk 0:01:57]}  g5 {[%clk 0:02:09]} 19. d5 {[%clk 0:01:34]}  cxd5 {[%clk 0:01:59]} 20. cxd5 {[%clk 0:01:34]}  Qxc2 {[%clk 0:01:54]} 21. Rxc2 {[%clk 0:01:28]}  Rxc2 {[%clk 0:01:42]} 22. Bxc2 {[%clk 0:01:24]}  Bd7 {[%clk 0:01:38]} 23. Rxe8 {[%clk 0:01:22]}  Bxe8 {[%clk 0:01:39]} 24. b5 {[%clk 0:01:22]}  Nd7 {[%clk 0:01:34]} 25. Bc3 {[%clk 0:01:18]}  Ne5 {[%clk 0:01:28]} 26. Nd4 {[%clk 0:01:12]}  Bd7 {[%clk 0:01:26]} 27. Bf5 {[%clk 0:01:11]}  Bd6 {[%clk 0:01:12]} 28. Kf1 {[%clk 0:00:59]}  h4 {[%clk 0:01:09]} 29. Ke2 {[%clk 0:00:58]}  Kf8 {[%clk 0:01:05]} 30. Be4 {[%clk 0:00:50]}  Bc5 {[%clk 0:01:02]} 31. Nb3 {[%clk 0:00:47]}  Bd6 {[%clk 0:00:59]} 32. Na5 {[%clk 0:00:43]}  Bc8 {[%clk 0:00:56]} 33. Bd4 {[%clk 0:00:40]}  a6 {[%clk 0:00:55]} 34. b6 {[%clk 0:00:39]}  Bb4 {[%clk 0:00:40]} 35. Nb3 {[%clk 0:00:26]}  Ke7 {[%clk 0:00:34]} 36. Be3 {[%clk 0:00:12]}  Kd6 {[%clk 0:00:33]} 37. Nd4 {[%clk 0:00:13]}  Bd7 {[%clk 0:00:31]} 38. Nf5+ {[%clk 0:00:11]}  Bxf5 {[%clk 0:00:30]} 39. Bxf5 {[%clk 0:00:12]}  Bc5 {[%clk 0:00:28]} 40. Bc2 {[%clk 0:00:04]}  Bxe3 {[%clk 0:00:26]} 41. Kxe3 {[%clk 0:00:05]}  Nc4+ {[%clk 0:00:26]} 42. Kd4 {[%clk 0:00:05]}  Nxb6 {[%clk 0:00:26]} 43. Be4 {[%clk 0:00:05]}  Nxa4 {[%clk 0:00:25]} 44. g3 {[%clk 0:00:04]}  Nc5 {[%clk 0:00:25]} 45. Bc2 {[%clk 0:00:04]}  b5 {[%clk 0:00:25]} 46. gxh4 {[%clk 0:00:04]}  gxh4 {[%clk 0:00:25]} 47. Bh7 {[%clk 0:00:03]}  Nd7 {[%clk 0:00:19]} 48. Bg8 {[%clk 0:00:03]}  Ne5 {[%clk 0:00:20]} 49. Bh7 {[%clk 0:00:04]}  a5 {[%clk 0:00:19]} 50. Bc2 {[%clk 0:00:04]}  a4 {[%clk 0:00:18]} 51. f4 {[%clk 0:00:05]}  Nf3+ {[%clk 0:00:17]} 52. Ke4 {[%clk 0:00:05]}  Ng1 {[%clk 0:00:16]} 53. Kf5 {[%clk 0:00:04]}  Nxh3 {[%clk 0:00:16]} 54. Kxf6 {[%clk 0:00:04]}  Nxf4 {[%clk 0:00:16]} 55. Kg5 {[%clk 0:00:04]}  Nxd5 {[%clk 0:00:14]} 56. Kxh4 {[%clk 0:00:01]}  a3 {[%clk 0:00:14]} 0-1